Diálogos con mi amigo "El Loco" / (Record no. 174303)

MARC details
000 -LEADER
campo de control de longitud fija 00537nam a2200181 4500
001 - NÚMERO DE CONTROL
campo de control 174303
003 - IDENTIFICADOR DE NÚMERO DE CONTROL
campo de control ES-MaACL
005 - FECHA Y HORA DE LA ÚLTIMA TRANSACCIÓN
campo de control 20230906215504.0
008 - DATOS DE LONGITUD FIJA--INFORMACIÓN GENERAL
campo de control de longitud fija 100326s1998 sp |||| | spa d
017 ## - NÚMERO DE COPYRIGHT O DE DEPÓSITO LEGAL
Número de copyright o de depósito legal J 270-1998
020 ## - NÚMERO INTERNACIONAL ESTÁNDAR DEL LIBRO
Número Internacional Estándar del Libro 84-922338-1-8
080 ## - NÚMERO DE LA CLASIFICACIÓN DECIMAL UNIVERSAL
Número de la Clasificación Decimal Universal 821.134.2-31"19"
100 1# - ENTRADA PRINCIPAL--NOMBRE DE PERSONA
Nombre de persona García Fuentes, Antonio.
9 (RLIN) 54624
245 10 - MENCIÓN DEL TÍTULO
Título Diálogos con mi amigo "El Loco" /
Mención de responsabilidad, etc. Antonio García Fuentes.
260 ## - PUBLICACIÓN, DISTRIBUCIÓN, ETC.
Lugar de publicación, distribución, etc. Jaén :
Nombre del editor, distribuidor, etc. A. García Fuentes,
Fecha de publicación, distribución, etc. 1998 (
Fabricante Unión Tipográfica)
300 ## - DESCRIPCIÓN FÍSICA
Extensión 191 p. ;
Dimensiones 22 cm.
852 4# - LOCALIZACIÓN
Ubicación BA
Número de control de estantería C-57092
Holdings
Estatus retirado Estado de pérdida Estado de daño No para préstamo Biblioteca de origen Biblioteca actual Ubicación en estantería Fecha de adquisición Fuente de adquisición Total de préstamos Signatura topográfica completa Código de barras Visto por última vez Precio de reemplazo Tipo de ítem Koha
        Biblioteca del Ateneo de Madrid Biblioteca del Ateneo de Madrid Depósito 2 26/03/2010     C-57092 1182957 23/02/2023 23/02/2023 Libro impreso